000 00702nam a2200289Ia 4500
001 5347
005 20240113233827.0
007 ta
008 050620s1984 a g b000 u eng u
020 _a0-19-442352-2
040 _aCotton College,Assam
041 _aeng
082 _a540
_bCo 83 Va
100 _aCoulson, .
245 0 _aCoulson`s Valence /
_cCoulson.
_hTextual Documents
250 _a3rd ed. /
260 _aOxford :
_bOxford University Press ,
_c1984.
300 _ax, 434p. :
_bill. ;
504 _aIndex
653 _aChemistry
653 _aValence
653 _aPG-Chemistry
942 _2ddc
_cBK
999 _c5334
_d5334